The capitalist world-economy /
Este libro recopila una serie de ensayos escritos entre 1970 y 1977 por Immanuel Wallerstein, el cual elabora en mucho las implicaciones teóricas y políticas de la perspectiva del Sistema Mundo. Este un trabajo que trata la evolución histórica y las características estructurales del mundo económico...
Guardado en:
| 主要作者: | |
|---|---|
| 格式: | 未知 |
| 語言: | English |
| 出版: |
New York (State) :
Canbridge University Press
|
| 主題: | |
| 標簽: |
添加標簽
沒有標簽, 成為第一個標記此記錄!
|
MARC
| LEADER | 00000 a2200000 04500 | ||
|---|---|---|---|
| 001 | 40112 | ||
| 003 | cru CIDCACS/IIS | ||
| 005 | 20171109153640.0 | ||
| 008 | 050602s1980 nyu eng d | ||
| 999 | |c 14415 |d 14415 | ||
| 020 | |a 0-521-29358-8 | ||
| 040 | |c CIDCACS/IIS | ||
| 090 | |a 05.03.04 W198c | ||
| 100 | |a Wallerstein, Inmanuel | ||
| 245 | |a The capitalist world-economy / |c Inmanuel Wallerstein | ||
| 246 | |a Studies in modern capitalism. Etudes sur le capitalisme moderne |a The capitalism world-economy | ||
| 260 | |a New York (State) : |b Canbridge University Press | ||
| 300 | |a 305 páginas | ||
| 500 | |a Colección Cambio Social donado por Paul Almeida | ||
| 520 | |a Este libro recopila una serie de ensayos escritos entre 1970 y 1977 por Immanuel Wallerstein, el cual elabora en mucho las implicaciones teóricas y políticas de la perspectiva del Sistema Mundo. Este un trabajo que trata la evolución histórica y las características estructurales del mundo económico capitalista desde el siglo diecinueve hasta la época de publicación del libro. | ||
| 590 | |a RRA/NOVIEMBRE2011 | ||
| 650 | |a CAPITALISMO | ||
| 650 | |a ANALISIS HISTORICO | ||
| 650 | |a ESTRUCTURA ECONOMICA | ||
| 650 | |a DESIGUALDAD SOCIAL | ||
| 650 | |a ASPECTOS POLITICOS | ||
| 942 | |2 ddc |c LI | ||



